| 000 | 00348pab a2200145 454500 | ||
|---|---|---|---|
| 008 | 180718b1985 xxu||||| |||| 00| 0 eng d | ||
| 100 | _aSriraman, S. | ||
| 245 | _aTransport problems in the Soviet Bloc | ||
| 260 | _c1985 | ||
| 300 | _a378-92 | ||
| 362 | _aDec. | ||
| 650 | _aTransportation - U.S.S.R | ||
| 773 | _aArtha Vijnana | ||
| 909 | _a19620 | ||
| 999 |
_c19620 _d19620 |
||